[Event "Chigorin mem"]
[Site "St. Petersburg"]
[Date "1998.11.01"]
[Round "2"]
[White "Sivokho, Sergey"]
[Black "Yudasin, Leonid"]
[Result "1/2-1/2"]
[WhiteElo "2425"]
[BlackElo "2550"]

1.e4 c5 2.c3 Nf6 3.e5 Nd5 4.d4 cxd4 5.Nf3 Nc6 6.Bc4 e6 7.cxd4 d6 8.O-O Nb6
9.Bb5 dxe5 10.Nxe5 Bd7 11.Nc3 Nxe5 12.dxe5 Bxb5 13.Nxb5 a6 14.Nc3 Qxd1 15.Rxd1 Rc8
16.f4 Bc5+ 17.Kf1 O-O 18.a3 Rfd8 19.Rxd8+ Rxd8 20.Ke2 Nc4 21.b3 Na5 22.Rb1 Be7
23.Ne4 Rd4 24.Nc3 h6 25.Be3 Rd7 26.a4 g5 27.fxg5 hxg5 28.Ne4 Rd5 29.Nxg5 Rxe5
30.Nf3 Rd5 31.Bb6 Kg7 32.g4 Bd8 33.Bxa5 Bxa5 34.Rc1 Rd7 35.Rc4 Rc7 36.Rxc7 Bxc7
37.Kd3 f5  1/2-1/2

[Event "Chigorin mem"]
[Site "St. Petersburg"]
[Date "1998.11.04"]
[Round "5"]
[White "Yudasin, Leonid"]
[Black "Kholmov, Ratmir D"]
[Result "1-0"]
[WhiteElo "2550"]
[BlackElo "2480"]

1.e4 e5 2.Nf3 Nc6 3.Bb5 a6 4.Ba4 Nf6 5.d3 d6 6.c3 Be7 7.Nbd2 O-O 8.O-O b5
9.Bb3 Na5 10.Bc2 c5 11.Re1 Re8 12.h3 Qc7 13.Nf1 Bf8 14.Bg5 Nd7 15.Ne3 Nb6
16.Rc1 Be6 17.b4 Nc6 18.Bb3 a5 19.Bxe6 fxe6 20.bxc5 dxc5 21.Qb3 b4 22.Nd2 a4
23.Qc2 Qd7 24.Ndc4 Nxc4 25.Nxc4 Reb8 26.Rb1 Bd6 27.Be3 Be7 28.cxb4 Nxb4 29.Qe2 Qc7
30.a3 Nc6 31.Qg4 Nd8 32.Rec1 Ra6 33.Rxb8 Qxb8 34.Qd1 h6 35.Rb1 Qc7 36.Rb5 Kh7
37.Qb1 Ra7 38.Rb6 Bf6 39.Kf1 g6 40.Qb5 Be7 41.Ra6 Rxa6 42.Qxa6 Nc6 43.Qxa4 Qb7
44.g3 h5 45.h4 Kg7 46.Qc2 Kf8 47.Qb2 Qa6 48.Qb6 Qxb6 49.Nxb6 Ke8 50.Ke2 Kd8
51.Kd2 Kc7 52.Nc4 Kb7 53.Bh6 Bf6 54.Bf8 Nd4 55.Kc3 Kc6 56.a4 Nf3 57.Na5+  1-0

[Event "Chigorin mem"]
[Site "St. Petersburg"]
[Date "1998.11.07"]
[Round "7"]
[White "Yudasin, Leonid"]
[Black "Sambuev, Bator"]
[Result "1-0"]
[WhiteElo "2550"]
[BlackElo "2340"]

1.e4 e6 2.d3 c5 3.Nf3 Nc6 4.g3 g6 5.Bg2 Bg7 6.O-O Nge7 7.Re1 O-O 8.h4 e5
9.Nbd2 d6 10.c3 h6 11.a3 Be6 12.b4 b5 13.Rb1 Rb8 14.Bb2 a5 15.bxa5 Qxa5 16.d4 exd4
17.cxd4 cxd4 18.Nb3 Bxb3 19.Qxb3 Qa4 20.Ba1 Na5 21.Qb4 Nec6 22.Qxd6 Rfd8
23.Qf4 Nb3 24.Bb2 b4 25.axb4 Nxb4 26.Bf1 Nc5 27.Bc4 Qa7 28.Ne5 Ne6 29.Bxe6 fxe6
30.Red1 Kh7 31.Ra1 Qc7 32.Nxg6 Qc5 33.Qf7 Nc6 34.Ba3 Qc2 35.Qxe6 Re8 36.Be7 d3
37.Qf5 Nd4 38.Nf8+ Kg8 39.Qh7+ Kf7 40.Qg6+ Kg8 41.Bf6 Qc7 42.Bxd4 Rxf8 43.Ra7  1-0

[Event "Dos Hermanas op"]
[Site "Dos Hermanas"]
[Date "1998.??.??"]
[Round "2"]
[White "Yudasin, Leonid"]
[Black "Nuevo Perez, Antonio"]
[Result "1-0"]
[WhiteElo "2540"]
[BlackElo "2100"]

1.e4 b6 2.d4 Bb7 3.f3 e6 4.Be3 Nf6 5.Bd3 c5 6.c3 Nc6 7.a3 Be7 8.Ne2 d6 9.O-O O-O
10.Nd2 Rc8 11.Kh1 a6 12.b4 cxd4 13.cxd4 b5 14.f4 Nb8 15.Ng3 Re8 16.Qb1 g6
17.f5 Ng4 18.fxe6 fxe6 19.Bg1 Bg5 20.Qe1 e5 21.d5 Rc3 22.Rf3 Re7 23.Qd1 Qc8
24.Ne2 Rcc7 25.Bb6 Rf7 26.Rxf7 Rxf7 27.Nf3 Be3 28.Bxe3 Nxe3 29.Qc1 Nc4 30.Ng5 Rf2
31.Kg1 Rf6 32.Bxc4 bxc4 33.Qe3 Nd7 34.Rc1 Qc7 35.a4 a5 36.Ne6 Qb6 37.Qxb6 Nxb6
38.bxa5 Nxa4 39.Rxc4 Nc5 40.Nxc5 dxc5 41.Rxc5  1-0

[Event "Dos Hermanas op"]
[Site "Dos Hermanas"]
[Date "1998.??.??"]
[Round "3"]
[White "Coenen, Norbert"]
[Black "Yudasin, Leonid"]
[Result "0-1"]
[WhiteElo "2335"]
[BlackElo "2540"]

1.e4 c5 2.Nf3 d6 3.d4 cxd4 4.Nxd4 Nf6 5.Nc3 a6 6.Be2 e6 7.O-O Be7 8.f4 Qc7
9.Kh1 O-O 10.Qe1 Nc6 11.Be3 Bd7 12.Qg3 b5 13.a3 Rac8 14.Rad1 Kh8 15.Nf3 b4
16.axb4 Nxb4 17.Rd2 Qb7 18.Bd3 Ne8 19.Nd4 Bd8 20.e5 Nxd3 21.cxd3 f6 22.Rdf2 Bb6
23.exf6 Nxf6 24.f5 e5 25.Ne6 Bxe6 26.fxe6 Bxe3 27.Qxe3 Rce8 28.Ne4 Rxe6 29.Qh3 Qc8
30.g4 Rg8 31.Ng5 Re7 32.Rf5 Qb7+ 33.Kg1 Qxb2 34.Nf3 Qe2 35.g5 Nd5 36.g6 Qe3+
37.Rf2 Qh6 38.Nh4 Nf4 39.Qg4 Nxg6 40.Rh5 Qc1+ 41.Kg2 Nxh4+ 42.Qxh4 g5 43.Qg4 Qc6+
44.Kg3 Qd7 45.Ra2 Qb7 46.Rf2 Rf7  0-1

[Event "Dos Hermanas op"]
[Site "Dos Hermanas"]
[Date "1998.??.??"]
[Round "4"]
[White "Yudasin, Leonid"]
[Black "Komljenovic, Davor"]
[Result "1/2-1/2"]
[WhiteElo "2540"]
[BlackElo "2425"]

1.e4 c5 2.Nf3 d6 3.Bc4 Nf6 4.d3 Nc6 5.Bb3 g6 6.O-O Bg7 7.c3 O-O 8.Re1 e5
9.Nbd2 Be6 10.Nf1 Qd7 11.Ba4 Qc7 12.h3 h6 13.Be3 Ne7 14.Ng3 d5 15.Qc1 Kh7
16.Nxe5 dxe4 17.dxe4 Bxh3 18.Nxf7 Bxg2 19.Bxh6 Rxf7 20.Bf4 Qa5 21.Bb3 Nfd5
22.exd5 Nxd5 23.Be5 c4 24.Kxg2 cxb3 25.Ne4 Rf5 26.axb3 Qb6 27.Bg3 Qxb3 28.Qd1  1/2-1/2

[Event "Dos Hermanas op"]
[Site "Dos Hermanas"]
[Date "1998.??.??"]
[Round "5"]
[White "Pinheiro, Jose"]
[Black "Yudasin, Leonid"]
[Result "0-1"]
[WhiteElo "2265"]
[BlackElo "2540"]

1.e4 c5 2.Nf3 d6 3.c3 Nf6 4.h3 g6 5.Bd3 Bg7 6.O-O O-O 7.Re1 Nc6 8.Bf1 Qb6
9.d4 cxd4 10.cxd4 d5 11.e5 Ne4 12.Nc3 Nxc3 13.bxc3 Na5 14.Ba3 Qc7 15.Rb1 b6
16.Qd2 Bf5 17.Rbc1 Rfe8 18.g4 Bd7 19.Qg5 Bc6 20.Qh4 Nc4 21.Ng5 h6 22.Ne6 fxe6
23.g5 Kh7 24.Bd3 Rf8 25.gxh6 Bxh6 26.Bxe7 Nd2 27.Qg4 Rf5  0-1

[Event "Dos Hermanas op"]
[Site "Dos Hermanas"]
[Date "1998.??.??"]
[Round "6"]
[White "Yudasin, Leonid"]
[Black "Cifuentes Parada, Roberto"]
[Result "1-0"]
[WhiteElo "2540"]
[BlackElo "2535"]

1.e4 e6 2.Qe2 d5 3.d3 dxe4 4.dxe4 e5 5.Nf3 Nd7 6.g3 Ngf6 7.Bg2 Bc5 8.O-O O-O
9.h3 Re8 10.Ne1 b6 11.Nd3 Bb7 12.Nxc5 Nxc5 13.Rd1 Qe7 14.Nc3 Rad8 15.f3 Ne6
16.Be3 Nd4 17.Qf2 c5 18.Rd2 h6 19.Rad1 Qe6 20.b3 Nh7 21.f4 Nf6 22.f5 Qe7
23.g4 b5 24.g5 hxg5 25.Bxg5 b4 26.Na4 Nxe4 27.Bxe7 Nxf2 28.Bxd8 Nxd1 29.Bxb7 Rxd8
30.Rxd1 Ne2+ 31.Kf2 Rxd1 32.Kxe2 Ra1 33.Nxc5 Rxa2 34.Kd3 f6 35.Na6 e4+ 36.Kxe4 Rxc2
37.Nxb4 Rc3 38.Bd5+ Kf8 39.Nc6 a6 40.Nb4 Ke7 41.Nxa6 Kd6 42.Kd4 Rxh3 43.Nc5 Rh4+
44.Ne4+ Kc7 45.Kc5 Rh5 46.Nd6 Rg5 47.Bf7 Rg1 48.Nb5+ Kd7 49.Nd4 Rc1+ 50.Bc4 Rg1
51.Bb5+ Ke7 52.Bd3 Rg3 53.Be4 Rg4 54.Kd5 Rg5 55.b4 g6 56.Ne6 Rg4 57.b5 gxf5
58.Bxf5 Rb4 59.Kc6 Rc4+ 60.Nc5 Rb4 61.b6  1-0

[Event "Dos Hermanas op"]
[Site "Dos Hermanas"]
[Date "1998.??.??"]
[Round "7"]
[White "Campora, Daniel H"]
[Black "Yudasin, Leonid"]
[Result "1-0"]
[WhiteElo "2520"]
[BlackElo "2540"]

1.e4 c5 2.f4 Nc6 3.Nf3 g6 4.Bb5 Bg7 5.Bxc6 bxc6 6.d3 d6 7.O-O Nf6 8.Qe1 O-O
9.Nc3 Ne8 10.Qh4 f5 11.e5 Nc7 12.Re1 Ne6 13.Qf2 Rb8 14.Rb1 Bd7 15.Bd2 Qb6
16.Na4 Qc7 17.b3 Rbe8 18.h4 Kh8 19.Rbd1 Nd4 20.Bc3 Nxf3+ 21.Qxf3 Be6 22.Re2 h5
23.Rde1 Qc8 24.Re3 Kh7 25.Qe2 Bf7 26.Qd2 Bh6 27.R3e2 Bg8 28.Bb2 Bg7 29.Qc1 Be6
30.Bc3 Bh6 31.Kh2 Bg8 32.Nb2 Bf7 33.Qd2 Qa6 34.Kg3 Rd8 35.Na4 Rfe8 36.exd6 exd6
37.Rxe8 Bxe8 38.Bf6 Ra8 39.Re7+ Kg8 40.Bb2  1-0

[Event "Dos Hermanas op"]
[Site "Dos Hermanas"]
[Date "1998.??.??"]
[Round "8"]
[White "Yudasin, Leonid"]
[Black "De la Villa Garcia, Jesus Maria"]
[Result "1/2-1/2"]
[WhiteElo "2540"]
[BlackElo "2485"]

1.e4 e6 2.Qe2 c5 3.Nf3 Nc6 4.g3 Nf6 5.Bg2 d5 6.d3 Be7 7.O-O b6 8.Re1 a5 9.e5 Nd7
10.c4 d4 11.Nfd2 Bb7 12.f4 Qc7 13.Na3 Na7 14.Bxb7 Qxb7 15.Qg2 Qxg2+ 16.Kxg2 Nb8
17.Nb5 Na6 18.Nxa7 Rxa7 19.Ne4 Nb4 20.Rd1 Kd7 21.a3 Nc6 22.a4 Nb4 23.Nf2 h5
24.Bd2 Nc6 25.Rf1 Raa8 26.Rae1 Rag8 27.Nh3 g6 28.Ng1 Rh7 29.Nf3 Re8 30.Kf2 Rg8
31.Rg1  1/2-1/2

[Event "Montecatini Terme op"]
[Site "Montecatini Terme"]
[Date "1998.??.??"]
[Round "1"]
[White "Yudasin, Leonid"]
[Black "Gagliardi, Pietro"]
[Result "1-0"]
[WhiteElo "2540"]
[BlackElo "2185"]

1.e4 c6 2.d4 d5 3.e5 Bf5 4.Nf3 e6 5.Be2 c5 6.Be3 Qb6 7.c4 dxc4 8.Nbd2 Bd3
9.Bxd3 cxd3 10.dxc5 Qxb2 11.Qa4+ Nd7 12.O-O a6 13.Nb3 d2 14.Rad1  1-0

[Event "Montecatini Terme op"]
[Site "Montecatini Terme"]
[Date "1998.??.??"]
[Round "4"]
[White "Lazarev, Vladimir"]
[Black "Yudasin, Leonid"]
[Result "0-1"]
[WhiteElo "2490"]
[BlackElo "2540"]

1.d4 Nf6 2.c4 e6 3.Nc3 Bb4 4.Qc2 O-O 5.a3 Bxc3+ 6.Qxc3 b6 7.Bg5 Ba6 8.e3 d6
9.Bd3 Nbd7 10.Nf3 c5 11.O-O h6 12.Bh4 Rc8 13.d5 exd5 14.cxd5 Bxd3 15.Qxd3 Re8
16.Rac1 Qe7 17.Nd2 Ne5 18.Qb3 Ng6 19.Bg3 Nh5 20.Qa4 Nxg3 21.hxg3 Ne5 22.Rc3 b5
23.Qc2 a5 24.b4 axb4 25.axb4 c4 26.Ra1 Nd3 27.Rxd3 cxd3 28.Qxd3 Qe5 29.Rd1 Qb2
30.Qxb5 Rb8 31.Qd3 Qxb4 32.Nf3 Rb5 33.g4 g6 34.e4 Rxe4 35.g5 hxg5 36.Kh2 Re8
37.Nxg5 Qh4+ 38.Kg1 Rb2 39.Nh3 Rbe2 40.Qc3 Qe4 41.Kh2 Qe5+ 42.Qxe5 R8xe5  0-1

[Event "Montecatini Terme op"]
[Site "Montecatini Terme"]
[Date "1998.??.??"]
[Round "6"]
[White "Kosanski, Stanko"]
[Black "Yudasin, Leonid"]
[Result "0-1"]
[WhiteElo "2365"]
[BlackElo "2540"]

1.e4 c5 2.Nc3 e6 3.Nf3 a6 4.g3 b5 5.Bg2 Bb7 6.d3 d6 7.O-O Be7 8.Ne1 Nc6 9.f4 Nf6
10.Nf3 O-O 11.h3 d5 12.e5 Nd7 13.Ne2 d4 14.g4 f6 15.exf6 Nxf6 16.Ng5 Qd7
17.a3 Rae8 18.Ng3 Nd8 19.N5e4 Nd5 20.Bd2 Qc7 21.f5 c4 22.g5 c3 23.bxc3 Nxc3
24.Bxc3 Bxe4 25.Nxe4 exf5 26.Bxd4 fxe4 27.Rxf8+ Rxf8 28.dxe4 Ne6 29.Be3 Nf4
30.Qg4 Nxg2 31.Kxg2 Qxc2+ 32.Kg1 Qc3 33.Qe6+ Kh8 34.Qxe7 Qxe3+ 35.Kh1 Qxh3+
36.Kg1  0-1

[Event "Montecatini Terme op"]
[Site "Montecatini Terme"]
[Date "1998.??.??"]
[Round "8"]
[White "Vallejo Pons, Francisco"]
[Black "Yudasin, Leonid"]
[Result "1/2-1/2"]
[WhiteElo "2415"]
[BlackElo "2540"]

1.e4 c5 2.Nf3 d6 3.d4 cxd4 4.Nxd4 Nf6 5.f3 e6 6.c4 Be7 7.Nc3 O-O 8.Be2 b6
9.O-O Bb7 10.Be3 a6 11.Rc1 Re8 12.Qd2  1/2-1/2

[Event "EUCup final 14th"]
[Site "Belgrade"]
[Date "1999.01.11"]
[Round "1"]
[White "Yudasin, Leonid"]
[Black "Adams, Michael"]
[Result "1/2-1/2"]
[WhiteElo "2550"]
[BlackElo "2715"]

1.e4 e5 2.Nf3 Nc6 3.Bc4 Bc5 4.c3 Nf6 5.d3 a6 6.O-O Ba7 7.Re1 d6 8.Bb3 O-O
9.h3 h6 10.Nbd2 Be6 11.Nf1 Re8 12.Be3 d5 13.Bxa7 Rxa7 14.exd5 Bxd5 15.Ba4 b5
16.Bc2 Ra8 17.a4 b4 18.Ne3 Rb8 19.Nxd5 Nxd5 20.d4 bxc3 21.bxc3 e4 22.Bxe4  1/2-1/2

[Event "EUCup final 14th"]
[Site "Belgrade"]
[Date "1999.01.13"]
[Round "3"]
[White "Beliavsky, Alexander G"]
[Black "Yudasin, Leonid"]
[Result "1/2-1/2"]
[WhiteElo "2645"]
[BlackElo "2550"]

1.d4 Nf6 2.c4 e6 3.Nf3 b6 4.g3 Ba6 5.b3 d5 6.cxd5 Bb4+ 7.Bd2 Bxd2+ 8.Qxd2 Nxd5
9.Bg2 Nd7 10.O-O O-O 11.Rd1 c5 12.e4 Nb4 13.d5 exd5 14.exd5 Qf6 15.Nc3 Rae8
16.Ne1 Ne5 17.a3 Nbd3 18.Ne4  1/2-1/2

[Event "ISR-chT"]
[Site "Israel"]
[Date "1999.01.22"]
[Round "3"]
[White "Kanstler, Boris"]
[Black "Yudasin, Leonid"]
[Result "1/2-1/2"]
[WhiteElo "2535"]
[BlackElo "2550"]

1.d4 Nf6 2.c4 e6 3.Nf3 b6 4.Nc3 Bb7 5.a3 d5 6.Bg5 Be7 7.Qa4+ c6 8.Bxf6 Bxf6
9.e4 dxc4 10.Qxc4 Ba6 11.Qa4 Bxf1 12.Kxf1 O-O 13.Rd1 Qc7 14.g3  1/2-1/2

[Event "ISR-chT"]
[Site "Israel"]
[Date "1999.04.02"]
[Round "6"]
[White "Yudasin, Leonid"]
[Black "Vydeslaver, Alik"]
[Result "1-0"]
[WhiteElo "2549"]
[BlackElo "2404"]

1.e4 c5 2.Nf3 d6 3.c3 Nf6 4.Be2 Bd7 5.d3 g6 6.O-O Bg7 7.Re1 Nc6 8.Bf1 O-O
9.h3 Rc8 10.d4 cxd4 11.cxd4 d5 12.e5 Ne4 13.Qb3 Qa5 14.Nc3 Be6 15.Be3 Rfd8
16.Qxb7 Rc7 17.Qb5 Rb8 18.Qxa5 Nxa5 19.Nxe4 dxe4 20.Ng5 Bd5 21.e6 fxe6 22.Bf4 e5
23.dxe5 Rxb2 24.Rad1 e6 25.Nxe4 Rxa2 26.Nf6+ Bxf6 27.exf6 Rf7 28.Be5 Nc6
29.Bc3 Rb7 30.g4 Rc2 31.Ba1 Kf7 32.Rb1 Rb4 33.Rbc1 Rxc1 34.Rxc1 a5 35.Bc3 Rb6
36.g5 a4 37.Ra1 Rb3 38.Bd2 Ne5 39.Bg2 Nc4 40.Bc1 a3 41.Bf1 Ne5 42.f4 Nf3+
43.Kf2 Nd4 44.Rxa3 Rxa3 45.Bxa3 Nf5 46.Bc5 Bc6 47.Bc4 Ba4 48.Ke2 Bc6 49.Bf2 h5
50.h4 Nd6 51.Bb3 Ne4 52.Be1 Nd6 53.Kd3 Nf5 54.Kc3 Bd7 55.Kb4 Nd4 56.Bd1 Nf5
57.Kc5 Ke8 58.Bf2 Kf7 59.Kb6 Ke8 60.Kc7 Bb5 61.Bf3 Ba4 62.Bb7 Kf7 63.Bc8 Bb5
64.Bd7 Bc4 65.Bc5 Nxh4 66.Kd8 e5 67.fxe5 Nf3 68.e6+ Bxe6 69.Be8+ Kg8 70.Ke7  1-0

[Event "ISR-ch op"]
[Site "Ramat Aviv"]
[Date "1999.04.02"]
[Round "4"]
[White "Yudasin, Leonid"]
[Black "Tsesarsky, Ilya"]
[Result "0-1"]
[WhiteElo "2549"]
[BlackElo "2430"]

1.e4 c5 2.Nf3 Nc6 3.Bb5 e6 4.O-O Nge7 5.Nc3 a6 6.Bxc6 Nxc6 7.d4 cxd4 8.Nxd4 Qc7
9.Re1 Bd6 10.Kh1 Nxd4 11.Qxd4 Be5 12.Qe3 O-O 13.f4 Bxc3 14.bxc3 d5 15.exd5 Rd8
16.c4 Qxc4 17.Bb2 Qxc2 18.Qd4 f6 19.Rac1 Qf5 20.d6 Bd7 21.Rc5 Qg6 22.Rc3 Rf8
23.Rg3 Qf5 24.h3 Rac8 25.Re2 h6 26.Qb4 Bb5 27.d7 Bxd7 28.Qxb7 Qxf4 29.Rxg7+ Kxg7
30.Qxd7+ Rf7 31.Qxe6 Rc6 32.Qe8 Qf1+ 33.Kh2 Qf4+ 34.Kh1 Rd6 35.Re1 Rdd7 36.Bc1 Qg3
37.Kg1 Kh7 38.Rf1 Rde7 39.Qc6 Re1 40.Qc2+ f5 41.Qd2 Rxf1+ 42.Kxf1 f4 43.Qd5 Qg6
44.Kf2 Qg3+ 45.Kg1 Qe1+ 46.Kh2 Qg3+ 47.Kg1 Qg6 48.Kf2 Qf5 49.Qc4 f3 50.g4 Qf6
51.g5 hxg5 52.Bxg5 Qb2+ 53.Kg3 Qe5+ 54.Kh4 Qf5  0-1

[Event "ISR-ch op"]
[Site "Ramat Aviv"]
[Date "1999.04.07"]
[Round "8"]
[White "Yudasin, Leonid"]
[Black "Psakhis, Lev"]
[Result "0-1"]
[WhiteElo "2549"]
[BlackElo "2564"]

1.d4 e6 2.c4 Nf6 3.Nc3 Bb4 4.Qc2 O-O 5.a3 Bxc3+ 6.Qxc3 b6 7.Nf3 Bb7 8.e3 d6
9.Bd3 Nbd7 10.O-O c5 11.b3 Rc8 12.Bb2 cxd4 13.Nxd4 Nc5 14.Be2 e5 15.Nf3 Nfe4
16.Qc2 Ng5 17.Nd2 Nge4 18.Nxe4 Bxe4 19.Qc3 Qg5 20.f3 Bd3 21.f4 Qg6 22.Bxd3 Qxd3
23.Rab1 f6 24.Rfd1 Qf5 25.fxe5 fxe5 26.Qd2 Rf6 27.Rf1 Qd3 28.Qxd3 Nxd3 29.Rxf6 gxf6
30.Kf1 Kf7 31.Ke2 Nc5 32.Bc3 Rg8 33.g3 Ke6 34.Bb4 Ne4 35.Kf3 f5 36.a4 a5
37.Be1 h5 38.b4 axb4 39.Bxb4 Ra8 40.Ra1 Rc8 41.Rc1 Kf6 42.h3 d5 43.g4 Rxc4
44.Rxc4 dxc4 45.gxf5 Kxf5 46.Ke2 Ke6 47.a5 bxa5 48.Bxa5 Ng5 49.h4 Ne4 50.Kf3 Kf5
51.Ke2 Kg4 52.Bc7 Kxh4 53.Bxe5 Kg4  0-1

[Event "ISR-ch op"]
[Site "Tel Aviv"]
[Date "1999.04.08"]
[Round "9"]
[White "Yudasin, Leonid"]
[Black "Golod, Vitali"]
[Result "1/2-1/2"]
[WhiteElo "2549"]
[BlackElo "2554"]

1.e4 c5 2.Nf3 d6 3.Bc4 Nf6 4.d3 Nc6 5.c3 e6 6.Bb3 Be7 7.O-O d5 8.Qe2 O-O
9.e5 Nd7 10.c4 Nb6 11.Nc3 Kh8 12.Bf4 a6 13.Rad1 Nd4 14.Nxd4 cxd4 15.Nb1 a5
16.Bg3 Bd7 17.Nd2 Ba4 18.Qg4 Bxb3 19.Nxb3 Na4 20.Rd2 Bb4 21.Rc2 dxc4 22.Rxc4 Nb6
23.Rxd4 Nd5 24.Qh5 a4 25.Bh4 f6 26.exf6 gxf6 27.Nc1 a3 28.bxa3 Rxa3 29.Qe2 Ra6
30.Bg3 Rg8 31.Rc4 b5 32.Rc2 Bc3 33.Nb3 Qb6 34.d4 Ra7 35.Nc5 Re7 36.Rb1 b4
37.a3 Bxd4 38.axb4 Nc3 39.Qd3 Nxb1 40.Qxd4 e5 41.Qb2 Rb8 42.Qxb1 Qxb4 43.Qf1 Rb5
44.Bh4 Kg7 45.Na6 Qd6 46.Qxb5 Qd1+ 47.Qf1 Qxc2 48.Qb5 Qc1+ 49.Qf1 Qa3 50.g3 Ra7
51.Nb8 Qb2 52.Qc4 Qxb8 53.Qg4+ Kf7 54.Qh5+ Kg7 55.Qg4+ Kf7 56.Qh5+ Ke7 57.Qxh7+ Ke6
58.Qg6 Ra1+ 59.Kg2 Qb7+ 60.Kh3 Qf3 61.Qg8+ Ke7 62.Qg7+ Ke6 63.Qg8+ Ke7  1/2-1/2

[Event "ISR-chT"]
[Site "Israel"]
[Date "1999.04.09"]
[Round "7"]
[White "Gofshtein, Leonid D"]
[Black "Yudasin, Leonid"]
[Result "1/2-1/2"]
[WhiteElo "2517"]
[BlackElo "2549"]

1.d4 Nf6 2.c4 e6 3.Nf3 b6 4.a3 Ba6 5.Qc2 Bb7 6.Nc3 c5 7.e4 cxd4 8.Nxd4 d6
9.Be2 Be7 10.g4 Nc6 11.Nxc6 Bxc6 12.g5 Nd7 13.Rg1 Rc8 14.Be3 a6 15.f4 O-O
16.Rd1 Re8 17.h4 b5 18.Rg3 bxc4 19.Bxc4 Bb7 20.Ba2 Qc7 21.Kf2 Nc5 22.Rd2 Qb8
23.Qb1 d5 24.exd5 Bd6 25.Rf3 exd5 26.Bxd5 Ne6 27.Rd1 Bxd5 28.Nxd5 Qb3 29.Rd2 Bxa3
30.Bb6 Qb5 31.Rxa3 Nxf4 32.Nxf4 Qxb6+ 33.Kg2 Rc4 34.Rf3 Qb4 35.Rdf2 Rce4
36.Qd3 Qb7 37.Qd5 Qc7 38.Rc3 Qb8 39.Rc4 R4e5 40.Qc6 Rb5 41.b4 Rb6 42.Qf3 Rxb4
43.Rxb4 Qxb4 44.Qc6 Qb5 45.Qxb5 axb5 46.Kf3 Kf8 47.Rb2 Re5 48.Rc2 g6 49.Rc8+ Kg7
50.Kg4 Re1 51.Nd3 Re3 52.Nf4 Re1 53.Rb8 Rg1+ 54.Kf3 h6 55.Rxb5 hxg5 56.hxg5 Rf1+
57.Kg3 Re1 58.Kf2 Re7 59.Kf3 Re1 60.Ne2 Rf1+ 61.Kg2 Ra1 62.Kg3 Re1 63.Kf3 Ra1
64.Ke4  1/2-1/2

[Event "ISR-chT"]
[Site "Israel"]
[Date "1999.04.23"]
[Round "9"]
[White "Yudasin, Leonid"]
[Black "Huzman, Alexander"]
[Result "0-1"]
[WhiteElo "2549"]
[BlackElo "2575"]

1.e4 c5 2.Nf3 d6 3.d4 cxd4 4.Nxd4 Nf6 5.Nc3 a6 6.Be3 e6 7.f3 b5 8.Qd2 Nbd7
9.g4 h6 10.O-O-O Bb7 11.Bd3 Ne5 12.Kb1 b4 13.Na4 d5 14.exd5 Nxd5 15.Be2 Qa5
16.b3 Nd7 17.Bc4 Nc5 18.Bxd5 Bxd5 19.Nxc5 Bxc5 20.Rhg1 O-O-O 21.Qf2 Be7 22.Ne2 Kb7
23.Nf4 Bc6 24.Nd3 Rd5 25.Bd4 e5 26.Bb2 f6 27.h4 g5 28.Bc1 Rhd8 29.Be3 R8d7
30.hxg5 hxg5 31.Rh1 Qd8 32.Rh7 a5 33.Rdh1 Bb5 34.Nb2 Qc7 35.Rf7 Bd8 36.Rxd7 Qxd7
37.Rc1 Qc6 38.Nd1 Qd7 39.Qe1 Bc6  0-1

[Event "ISR-chT"]
[Site "Israel"]
[Date "1999.05.07"]
[Round "10"]
[White "Soffer, Ram"]
[Black "Yudasin, Leonid"]
[Result "1/2-1/2"]
[WhiteElo "2513"]
[BlackElo "2549"]

1.d4 Nf6 2.c4 e6 3.Nc3 Bb4 4.Qc2 O-O 5.a3 Bxc3+ 6.Qxc3 b6 7.Nf3 d6 8.Bg5 Nbd7
9.Nd2 Bb7 10.e3 a5 11.f3 c5 12.Bd3 h6 13.Bh4 cxd4 14.Qxd4 Nc5 15.Bc2 e5 16.Qc3 a4
17.e4 Bc6 18.Bf2 Qc7 19.Nf1 Nh5 20.Ne3 Nf4 21.h4 b5 22.g3 Nfe6 23.cxb5 Bxb5
24.Nd5 Qa7 25.Rd1 Rac8 26.Qd2 Rfd8 27.Be3 Bc4 28.Nb4 Qb7 29.Kf2 Nb3 30.Bxb3 Bxb3
31.Rc1 Nc5 32.Rc3 Be6 33.Rd1 Nb3 34.Rxc8 Qxc8 35.Qc3 Qxc3 36.bxc3 Rd7  1/2-1/2

[Event "ISR-chT"]
[Site "Israel"]
[Date "1999.05.08"]
[Round "11"]
[White "Yudasin, Leonid"]
[Black "Milov, Vadim"]
[Result "1/2-1/2"]
[WhiteElo "2549"]
[BlackElo "2633"]

1.e4 c5 2.Nf3 e6 3.b3 b6 4.Bd3 Bb7 5.O-O d6 6.Re1 Nd7 7.c3 g5 8.Re2 g4 9.Ne1 Bg7
10.Bc2 Ne7 11.d4 Ng6 12.Be3 O-O 13.Qd2 Qh4 14.Na3 Qh5 15.Nc4 d5 16.Nd6 Ba6
17.Bd3 Bxd3 18.Nxd3 cxd4 19.cxd4 Nc5 20.Nf4 Nxf4 21.Bxf4 Nxe4 22.Nxe4 dxe4
23.Rxe4 Rad8 24.Rae1 Rd5 25.Be5 Qg6 26.Bxg7  1/2-1/2

[Event "White Nights"]
[Site "St Petersburg"]
[Date "1999.06.26"]
[Round "1"]
[White "Lugovoi, Aleksei"]
[Black "Yudasin, Leonid"]
[Result "1/2-1/2"]
[WhiteElo "2510"]
[BlackElo "2549"]

1.d4 Nf6 2.c4 e6 3.Nc3 Bb4 4.e3 c5 5.Bd3 Nc6 6.Nf3 Bxc3+ 7.bxc3 d6 8.e4 e5
9.d5 Ne7 10.Nh4 h6 11.f4 Ng6 12.Nxg6 fxg6 13.O-O O-O 14.Qe1  1/2-1/2

[Event "White Nights"]
[Site "St Petersburg"]
[Date "1999.06.27"]
[Round "2"]
[White "Yudasin, Leonid"]
[Black "Biriukov, Oleg V"]
[Result "1/2-1/2"]
[WhiteElo "2549"]
[BlackElo "2407"]

1.e4 e5 2.Nf3 Nf6 3.Nc3 Nc6 4.Bb5 Nd4 5.Ba4 c6 6.d3 b5 7.Bb3 Nxb3 8.axb3 d6
9.h3 Be7 10.O-O O-O 11.Ne2 Qc7 12.Ng3 Bd7 13.d4 Rfe8 14.Re1 exd4 15.Qxd4 c5
16.Qd3 Bc6 17.Bf4 Qb7 18.Nd2 Bf8 19.c3 Re6 20.Re2 Rae8 21.Rae1 h6 22.f3 g6
23.c4 bxc4 24.bxc4 Qxb2 25.Nb3 Qa3 26.Ra1 Qb4 27.Rxa7 d5 28.Nd2 dxe4 29.Ndxe4  1/2-1/2

[Event "White Nights"]
[Site "St Petersburg"]
[Date "1999.06.28"]
[Round "3"]
[White "Rogovoi, Mark"]
[Black "Yudasin, Leonid"]
[Result "1/2-1/2"]
[WhiteElo "2233"]
[BlackElo "2549"]

1.e4 c5 2.Nf3 d6 3.d4 cxd4 4.Nxd4 Nf6 5.Nc3 a6 6.Be2 e6 7.O-O Be7 8.a4 Qc7
9.f4 O-O 10.Kh1 Rd8 11.Be3 b6 12.Qe1 Bb7 13.Bf3 Nc6 14.Qg3 Nd7 15.f5 Nxd4
16.Bxd4 e5 17.Be3 b5 18.axb5 axb5 19.Qf2 b4 20.Na4 Rdc8 21.Qd2 Qxc2 22.Qxb4 Bc6
23.Rfc1 Qd3 24.Ra3 Qb5 25.Qxb5 Bxb5 26.Rxc8+ Rxc8 27.Nc3 Bc6 28.Ra7 Bd8 29.b4 Bb6
30.Bxb6 Nxb6 31.h3 Kf8 32.Ra6 Rb8 33.Kh2 Ke7 34.Ra7+ Rb7 35.Rxb7+ Bxb7 36.Kg3 Kf6
37.h4 d5 38.exd5 Kxf5 39.Be4+ Kf6 40.Kf2 Nc4 41.Nb5 g6 42.g4 h6 43.g5+ hxg5  1/2-1/2

[Event "White Nights"]
[Site "St Petersburg"]
[Date "1999.06.29"]
[Round "4"]
[White "Yudasin, Leonid"]
[Black "Chehlov, Aleksander"]
[Result "1/2-1/2"]
[WhiteElo "2549"]
[BlackElo "2288"]

1.e4 c5 2.Nf3 d6 3.Bc4 e6 4.Qe2 a6 5.Bb3 Nf6 6.c3 Qc7 7.O-O Be7 8.d4 e5 9.dxe5 dxe5
10.Ng5 O-O 11.f4 Nc6 12.f5 b5 13.Nd2 Bb7 14.Ndf3 c4 15.Bc2 Bc5+ 16.Kh1 a5
17.Bd2 Bb6 18.Qe1 Qe7 19.Qh4 Rad8 20.Rae1 Rfe8 21.Bc1 a4 22.Ng1 Nb8 23.Rf3 Nbd7
24.Rh3 Nf8 25.Ne2 Bc6 26.Ng3 Bf2 27.Re2 Qc5 28.Nf3 Rd6 29.Nd2 Red8 30.Qg5 h6
31.Rxh6 N8h7 32.Rxh7 Nxh7 33.Qg4 Nf6 34.Qf3 Bxg3 35.Qxg3 Nh5 36.Qe1 Nf4 37.Re3 Nd3
38.Bxd3 Rxd3 39.Re2 f6 40.a3 Be8 41.g4 Bc6 42.Kg2 Qb6 43.h4 Be8 44.h5 Bc6
45.Kh2 Bb7 46.Kg2 Kf7 47.Kh2 Ke7 48.Kg2 R8d7 49.g5 Kd8 50.g6 Kc8 51.Kh2  1/2-1/2

[Event "White Nights"]
[Site "St Petersburg"]
[Date "1999.07.02"]
[Round "7"]
[White "Lukin, Andrei M"]
[Black "Yudasin, Leonid"]
[Result "1/2-1/2"]
[WhiteElo "2440"]
[BlackElo "2549"]

1.e4 c5 2.Nf3 e6 3.d4 cxd4 4.Nxd4 a6 5.Nc3 d6 6.Be2 Nf6 7.f4 Qc7 8.O-O Be7
9.Kh1 O-O 10.a4 b6 11.Bf3 Bb7 12.e5 dxe5 13.fxe5 Nfd7 14.Bxb7 Qxb7 15.Bf4 Nc6
16.Qf3 Rac8 17.Rad1 Kh8 18.Rd2 Rc7 19.Nxc6 Rxc6 20.Rfd1 Nb8 21.Rd3 Re8 22.Qh5 g6
23.Qf3 Rc7  1/2-1/2

[Event "Beersheba-weekend"]
[Site "Beersheba"]
[Date "1999.??.??"]
[Round "?"]
[White "Rapoport, Evgeny"]
[Black "Yudasin, Leonid"]
[Result "0-1"]
[WhiteElo "2262"]
[BlackElo "2549"]

1.d4 Nf6 2.c4 e6 3.Nf3 c5 4.d5 exd5 5.cxd5 d6 6.Nc3 g6 7.e4 a6 8.a4 Bg4 9.Be2 Bg7
10.O-O O-O 11.Nd2 Bxe2 12.Qxe2 Nbd7 13.Nc4 Nb6 14.Nxb6 Qxb6 15.a5 Qc7 16.Bd2 Rae8
17.Rfe1 Nd7 18.f4 f5 19.Qc4 Bd4+ 20.Kh1 Nf6 21.exf5 gxf5 22.Re6 Rxe6 23.dxe6 Re8
24.Nd5 Qc6 25.Nxf6+ Bxf6 26.Re1 d5 27.Qd3 Rxe6 28.Qxf5 Rxe1+ 29.Bxe1 Bxb2
30.Bh4 Bg7 31.h3 c4 32.Qc2 d4 33.f5 d3 34.Qa2 Qe4 35.f6 Bh6 36.Qf2 d2 37.f7+ Kf8
38.Qc5+ Kxf7 39.Qc7+ Kg6 40.Qd6+ Kh5 41.Bf2 Bf4  0-1

[Event "Beersheba-weekend"]
[Site "Beersheba"]
[Date "1999.??.??"]
[Round "?"]
[White "Yudasin, Leonid"]
[Black "Mittelman, Gur"]
[Result "1/2-1/2"]
[WhiteElo "2549"]
[BlackElo "2416"]

1.e4 c6 2.d4 d5 3.exd5 cxd5 4.Bd3 Nc6 5.c3 Qc7 6.Bg5 Nf6 7.Nd2 e6 8.Ngf3 Bd6
9.O-O Ng4 10.h3 h6 11.Bh4 Nh2 12.Re1 g5 13.Nxg5 hxg5 14.Bxg5 Kf8 15.Bf6 Rh6
16.Bg5 Rh8 17.Bf6  1/2-1/2